| 000 | 00350pab a2200145 454500 | ||
|---|---|---|---|
| 008 | 180718b2015 xxu||||| |||| 00| 0 eng d | ||
| 100 | _aKant, Kumar Vivek | ||
| 245 | _aJustice for juvenile | ||
| 260 | _c2015 | ||
| 300 | _ap.106-120. | ||
| 362 | _aJan-Mar | ||
| 650 | _aJuvenile delinquency | ||
| 773 | _aIndian Police Journal | ||
| 909 | _a109012 | ||
| 999 |
_c109007 _d109007 |
||